Hungaro-Slavica 1988 10. Internationaler Slavistenkongress, Sofia, 14.-22. September 1988

Podrobná bibliografia
Ďalší autori: Király, Péter, 1917-2015 (Zostavovateľ, kompilátor)
Médium: Kniha
Jazyk:ruština
nemčina
poľština
Fyzický popis:318 s. 25 cm
Vydavateľské údaje: Budapest Akadémiai Kiadó 1988
Predmet:

MARC

LEADER 00000nam a22000001i 4500
001 vtls009745003
003 SK-MaSNL
005 20260301082511.0
008 250806s1988 hu f n 100 0 rus
020 |c 310,- Sk 
035 |a (SVKBBclas03)vtls000121686 
035 |a urn:nbn:sk:snk-amjfbd 
035 |a urn:nbn:sk:snk-am003e5w 
035 |a C3673EDC-E04F-4587-A9FB-88F9E82865A3 
040 |a SNK  |b slo  |c SNK  |e AACR2 
041 0 |a rus  |a ger  |a pol 
044 |a hu  |c HU 
080 |a 881(08)  |2 1981 
080 |a 808.1(08)  |2 1981 
245 0 0 |a Hungaro-Slavica 1988  |b 10. Internationaler Slavistenkongress, Sofia, 14.-22. September 1988  |c Herausgegeben von P. Király, [et al.] 
260 |a Budapest  |b Akadémiai Kiadó  |c 1988 
300 |a 318 s.  |c 25 cm 
504 |a Bibliogr. odkazy 
546 |a Súbež. názov v ruš., text v nem., angl., poľ., ruš., slov. 
650 0 7 |a slavistika  |2 SNKPH  |9 4282 
655 7 |a zborníky konferencií  |2 SNKPH  |9 70153 
700 1 |a Király, Péter,  |d 1917-2015  |4 com  |9 212010 
958 |a EUIPO 
958 |a TL 
958 |a NB 
958 |a OND 
999 |c 658656  |d 660586 
952 |a SNK  |b SNK  |y PREZ  |7 0  |p 17A1141083  |o snkSC 73937  |i snkV 3638/1989  |0 0  |1 0  |4 0  |d 2015-03-16  |f 1  |l 0  |r 2026-02-23 18:45:29  |w 2026-02-23